00376nam a2200157Ia 45000010006000000050017000060080041000230410008000640820015000721000039000872450039001262600009001653000028001746500008002026540008002101645420260306170310.0260306t1998||||xx |||||||||||||| ||und|| aESP a348.6bE86 aEspinoza de la Cruz, Isaac M.eAUT 0aCompendio de legislación laboral c1998 a627 páginas :c24 cm. aGEN aCDE